| 000 | 01269cab a2200289 4500 | ||
|---|---|---|---|
| 001 | ABS45592 | ||
| 008 | 090401t1991 xxu||||| |||| 00| 0 eng d | ||
| 035 | _a(Sirsi) u53876 | ||
| 041 | _aeng | ||
| 245 | _aCapital & Counties sponsor "Domesday 2000" | ||
| 260 | _c1991 | ||
| 350 | _a0 | ||
| 490 |
_aProperty Journal _v16(6) December 1991, 15(1) |
||
| 520 | _aThe Domesday 2000 project, will test the feasibility of creating a national land information system for the United Kingdom. Its objective is to ensure that by the year 2000 databases will exist that contain up-to-date information on land ownership, land value and land use linked together through a network. The work is being sponsored by Capital & Counties and is being carried out by Clive Sabel, research fellow at Wolfson College, Cambridge. The Steering Committee comprises David Cadman, Peter Dale and Derek Nicholls. | ||
| 650 | _aCAPITAL AND COUNTIES | ||
| 650 | _aDOMESDAY 2000 | ||
| 650 | _aGIS | ||
| 650 | _aLAND INFORMATION SYSTEMS | ||
| 650 | _aLAND INFORMATION | ||
| 650 | _aLAND USE DATA | ||
| 650 | _aPROPERTY TRANSACTIONS | ||
| 650 | _aRESEARCH | ||
| 690 | _aMANAGEMENT-BUSINESS MANAGEMENT-INFORMATION MANAGEMENT | ||
| 690 | _aLAND | ||
| 942 | _n0 | ||
| 948 | _c04/03/1997 | ||
| 999 |
_c33088 _d33088 |
||